50 Largest Islands in the Caribbean - Statistics

General Stats
  • This quiz has been taken 99 times
  • The average score is 22 of 50
Answer Stats
Owned By Island % Correct
Cuba Cuba
99%
Jamaica Jamaica
96%
Trinidad & Tobago Trinidad
93%
United States Puerto Rico
92%
Haiti & Dominican Republic Hispaniola
91%
Saint Vincent and the Grenadines Saint Vincent
87%
Trinidad & Tobago Tobago
87%
Antigua and Barbuda Antigua
86%
Saint Lucia Saint Lucia
86%
Antigua and Barbuda Barbuda
83%
Dominica Dominica
83%
Saint Kitts and Nevis Saint Kitts
83%
Grenada Grenada
80%
Netherlands Curaçao
79%
Netherlands Aruba
78%
France Martinique
78%
Barbados Barbados
74%
Netherlands Bonaire
64%
Cuba Isla de la Juventud
49%
United States Saint Croix
47%
Venezuela Isla Margarita
45%
Bahamas Grand Bahama Island
43%
Mexico Cozumel
39%
Bahamas North Andros Island
38%
Bahamas South Andros Island
38%
United Kingdom Grand Cayman
37%
Bahamas New Providence
37%
France Basse-Terre
30%
France Grande-Terre
30%
Bahamas Great Inagua Island
20%
Bahamas Long Island
20%
Bahamas Great Abaco Island
18%
Haiti Gonâve
17%
Bahamas Cat Island
16%
Haiti Tortuga
16%
Bahamas Eleuthera
12%
Bahamas Little Inagua
12%
Bahamas Crooked Island
11%
Bahamas Great Exuma
11%
United States Vieques
11%
Bahamas Acklins Island
9%
Bahamas Mayaguana
9%
Bahamas San Salvador Island
9%
France Marie Galante
8%
United Kingdom Middle Caicos
7%
Cuba Cayo Romano
5%
Bahamas Little Abaco Island
5%
Cuba Cayo Coco
4%
Cuba Cayo Sabinal
1%
Venezuela La Tortuga Island
1%
No matching quizzes found
Score Distribution
Percent of People with Each Score
Percentile by Number Answered
Your Score History
You have not taken this quiz